Unscramble 50 Countries - Statistics

General Stats
  • This quiz has been taken 402 times
  • The average score is 40 of 50
Answer Stats
Letters Countries % Correct
IXOCEM Mexico
95%
HIANC China
94%
YALIT Italy
94%
NKAYE Kenya
94%
IZALRB Brazil
93%
ANHAG Ghana
93%
ANPAAM Panama
93%
THIAI Haiti
92%
TAMLA Malta
92%
LAPNE Nepal
92%
NEBNI Benin
90%
AHANKZSAKT Kazakhstan
90%
DENSEW Sweden
90%
UNBTAH Bhutan
89%
LDAOMVO Moldova
89%
NAGBO Gabon
88%
YURAAGAP Paraguay
86%
LPNEIPISHPI Philippines
86%
VOALIBI Bolivia
85%
IBNALAA Albania
84%
BAIRNAJZEA Azerbaijan
83%
RILSAE Israel
82%
UNAUR Nauru
82%
SUIRAS Russia
82%
NOCMOA Monaco
81%
IWTANA Taiwan
81%
IALAREG Algeria
80%
NYRMEAG Germany
80%
LGAOMNOI Mongolia
80%
RMKEADN Denmark
78%
AUTNVUA Vanuatu
77%
EIRAMNA Armenia
76%
IMBOACLO Colombia
76%
ORCMOSO Comoros
75%
ITAIKRIB Kiribati
75%
AELNNOB Lebanon
74%
TPINAKSA Pakistan
74%
ATEIRRE Eritrea
73%
SIANODEIN Indonesia
69%
DOANRAR Andorra
68%
TWASIEIN Eswatini
68%
AATSAIULR Australia
66%
HANTIAULI Lithuania
66%
HIOEAPTI Ethiopia
65%
LIADCEN Iceland
62%
COEDARU Ecuador
61%
OTASNEI Estonia
60%
URNSHADO Honduras
58%
OSIEGPARN Singapore
55%
ORNAMOCE Cameroon
54%
No matching quizzes found
Score Distribution
Percent of People with Each Score
Percentile by Number Answered
Your Score History
You have not taken this quiz